| 000 | 00443nam a2200181Ia 4500 | ||
|---|---|---|---|
| 005 | 20250423094523.0 | ||
| 008 | 250422s9999 xx 000 0 und d | ||
| 020 | _a81-7381-400-7 | ||
| 050 | _aQC 173 .B37/ | ||
| 100 | _aBasu, Chittaranjan | ||
| 245 | 0 | _aAtomic and nuclear physics [basic level] | |
| 260 | _aCalcutta | ||
| 260 | _bNew Central Book Agency (P) | ||
| 260 | _c2001 | ||
| 300 | _a291 p | ||
| 650 | _aScience | ||
| 942 | _cBK | ||
| 999 |
_c27486 _d27486 |
||